Statistics for Double typing test - the alphabet backwards, twice

Click here to take the quiz!

General Stats

  • This quiz has been taken 16 times
  • The average score is 19 of 52

Answer Stats

Answer% Correct
Z
88%
R
75%
S
75%
T
75%
U
75%
V
75%
W
75%
X
75%
Y
75%
M
63%
N
63%
O
63%
P
63%
Q
63%
K
50%
L
50%
H
38%
I
38%
J
38%
A
25%
A
25%
B
25%
C
25%
D
25%
E
25%
F
25%
G
25%
Q
25%
R
25%
S
25%
T
25%
U
25%
V
25%
W
25%
X
25%
Y
25%
Z
25%
B
13%
C
13%
D
13%
E
13%
F
13%
G
13%
H
13%
I
13%
J
13%
K
13%
L
13%
M
13%
N
13%
O
13%
P
13%

Score Distribution

Percentile by Number Answered

Percent of People with Each Score

Your Score History

You have not taken this quiz